Manual of tropical housing and building (Record no. 95858)

MARC details
000 -LEADER
fixed length control field 00786cam a2200265 4500
008 - FIXED-LENGTH DATA ELEMENTS--GENERAL INFORMATION
fixed length control field
020 ## - INTERNATIONAL STANDARD BOOK NUMBER
International Standard Book Number 0582445469 (pbk.)
049 ## - LOCAL HOLDINGS (OCLC)
Holding library MAIN
090 ## - LOCALLY ASSIGNED LC-TYPE CALL NUMBER (OCLC); LOCAL CALL NUMBER (RLIN)
Classification number (OCLC) (R) ; Classification number, CALL (RLIN) (NR) TH153
Local cutter number (OCLC) ; Book number/undivided call number, CALL (RLIN) MAN
003 - CONTROL NUMBER IDENTIFIER
control field
005 - DATE AND TIME OF LATEST TRANSACTION
control field 20240208122214.0
040 ## - CATALOGING SOURCE
Transcribing agency NUST
245 00 - TITLE STATEMENT
Title Manual of tropical housing and building
Statement of responsibility, etc. [by] O. H. Koenigsberger [et...al].
260 ## - PUBLICATION, DISTRIBUTION, ETC.
Place of publication, distribution, etc. London:
Name of publisher, distributor, etc. Longman,
Date of publication, distribution, etc. [1974- c1973]
300 ## - PHYSICAL DESCRIPTION
Extent xvi, 320 p. :
Other physical details ill. ;
Dimensions 25 cm.
504 ## - BIBLIOGRAPHY, ETC. NOTE
Bibliography, etc. note Includes bibliographical references.
650 #0 - SUBJECT ADDED ENTRY--TOPICAL TERM
Topical term or geographic name entry element Building
Geographic subdivision Tropics.
650 #0 - SUBJECT ADDED ENTRY--TOPICAL TERM
Topical term or geographic name entry element Dwellings
Geographic subdivision Tropics.
700 1# - ADDED ENTRY--PERSONAL NAME
Personal name Koenigsberger, Otto H.
700 ## - ADDED ENTRY--PERSONAL NAME
Personal name Ingersoll, T.G.
700 ## - ADDED ENTRY--PERSONAL NAME
Personal name Mayhew, Alan.
700 ## - ADDED ENTRY--PERSONAL NAME
Personal name Szokolay, S.V.
907 ## - LOCAL DATA ELEMENT G, LDG (RLIN)
a .b1034858x
b 27-10-14
c 22-10-14
942 ## - ADDED ENTRY ELEMENTS (KOHA)
Koha item type Ordinary Loan Books
Call number prefix TH153
Call number suffix MAN
Koha issues (borrowed), all copies 2
Holdings
Date last seen Total Checkouts Full call number Barcode Date last checked out Cost, replacement price Price effective from Koha item type Lost status Source of classification or shelving scheme Damaged status Not for loan Collection Withdrawn status Home library Current library Shelving location Date acquired Cost, normal purchase price
02/20/2024 2 TH153 MAN 92004040478 02/08/2024 80.00 01/20/2023 BOOKS   LCC     NFIC   FOBE FOBE GEN 01/20/2023 80.00